000 01189cad a22002295a 4500
001 E148285
008 090828s2009 xxk f 000 0 eng d
035 _a(Sirsi) u148285
041 0 _aeng
050 0 4 _a333.33 $2 18
110 2 _aRoyal Institution of Chartered Surveyors
_bEconomics
_95033
245 0 0 _aRICS global distressed property monitor
_bAugust 2009
_h[electronic resource]
260 _aLondon
_bRICS
_c2009
490 0 _aRICS Global Distressed Property Monitor
_vAugust 2009
520 _aReports that over 75% of the 27 countries surveyed have seen a rise in distressed properties compared to the previous three months. Investor interest in distressed properties has grown in globally, with the biggest pick up in Italy and the UK. Suggests that the speed of bank foreclosures remains moderate with less than 2 in 10 respondents on average reporting a pick up.
521 _aAdvanced
590 _aKA
651 4 _aInternational
690 _aPROPERTY-COMMERCIAL PROPERTY-COMMERCIAL PROPERTY MARKET
856 4 0 _uhttps://www.rics.org/site/download_feed.aspx?fileID=3785&fileExtension=PDF
_zView the document free of charge (pdf file) at www.rics.org...
942 _n0
999 _c109989
_d109989